00444nam a2200145Ia 4500008004100000100001500041245007700056245001500133260003900148260000900187300001000196650001800206650001500224856005900239170221s9999 xx 000 0 und d aRiki Galia aGiving From the Heart: The Emotion Management of Volunteering Employees  cRiki Galia bStudies in Media and Communication c2015 a3 : 2 xCommunication xMedia Arts uhttp://redfame.com/journal/index.php/smc/issue/view/42